Les villes de Paper.io sur une Carte - Statistiques

Statistiques générales
  • Ce quiz a été pris 388 fois
  • Le résultat moyen est 36 sur 78
Réponses sur la Carte
Les réponses sont colorées sur une échelle allant du rouge au vert en fonction du pourcentage des utilisateurs qui les ont devinées à leur premier essai. Vous pouvez retrouver ces pourcentages ci-dessous.
 
Statistiques - réponses
Ville % Correct
Paris
97%
Londres
93%
Madrid
92%
Moscou
88%
Rome
88%
New York
86%
Los Angeles
84%
Rio de Janeiro
84%
Tokyo
84%
Mexico
82%
Sydney
80%
Le Caire
79%
Buenos Aires
78%
Miami
77%
Saint-Pétersbourg
77%
Séoul
77%
Istanbul
76%
Varsovie
75%
Washington
75%
Delhi
74%
Reykjavik
71%
Lima
70%
Jakarta
67%
Santiago
67%
Bogota
65%
Chicago
65%
Toronto
64%
Marrakech
60%
Singapour
60%
Bangkok
59%
Manille
59%
Riyad
58%
Tripoli
57%
Bagdad
56%
Hong Kong
56%
Dallas
53%
Johannesburg
52%
Perth
51%
Antananarivo
49%
Dacca
48%
Atlanta
46%
Kinshasa
46%
Lagos
45%
Asuncion
40%
Hô-Chi-Minh Ville
39%
Khartoum
36%
Saint-Domingue
36%
Karachi
34%
Brunei
33%
Luanda
33%
Nuuk
33%
Ile {Prince} {George}
31%
Port Moresby
31%
Dar es Salaam
30%
Georgetown
29%
Ushuaïa
27%
Manaus
26%
Bangalore
25%
Edmonton
25%
Hanga Roa
23%
Port-aux-Français
16%
Rangoun
16%
Omsk
15%
Djouba
14%
Chongqing
12%
Harbin
10%
Bujumbura
9%
Samara
9%
Iakoutsk
8%
Magadan
7%
{Edimbourg} des 7 Mers
6%
Hangzhou
6%
Krasnoïarsk
5%
Agadez
4%
Jinan
4%
Baker Lake
3%
Vorkhouta
3%
Ile {Wake}
2%
Aucun quiz correspondant
Distribution des résultats
% des personnes avec chaque résultat
Percentile par nombre de réponses
Votre historique - résultats
Vous n’avez pas pris ce quiz